• 首页
  • 本馆介绍
  • 公告通知
  • 最新文献
  • 馆藏检索
  • 电子资源
  • 读者导购
  • 参考咨询
  • 我的图书馆
  • 登录
  • 详细信息显示
  • 放入我的书架
  • 预约/预借图书
  • 作者相关作品
  • 分类相关作品
  • 丛书相关作品
  • 出版社相关作品

书目信息

  • 表格格式
  • 工作单格式
  • 卡片格式
题名:
语言是小河
    
 
作者: 韩陈其 著
分册:  
出版信息: 北京   中国经济出版社  2005
页数: 272页
开本: 21cm
丛书名: 语言与传播丛书
单 册:
中图分类: H05
科图分类:
主题词: 语言艺术
电子资源:
ISBN: 7-5017-6700-9
000 01130nam0 2200325 450
000 01093nam0 2200313 450
000 01091nam0 2200325 450
000 01037nam0 2200301 450
000 01055nam0 2200289 450
000 01018nam0 2200277 45
001 TS2006025545
005 20061210160243.23
010    @a7-5017-6700-9@dCNY25.00
100    @a20060829d2005 em y0chiy0110 ea
101 0  @achi
102    @aCN@b110000
105    @aa z 000yy
200 1  @a语言是小河@AYu Yan Shi Xiao He@f韩陈其著@FHan Chen Qi Zhu
210    @a北京@c中国经济出版社@d2005
215    @a272页@c彩照@d21cm
225 2  @a语言与传播丛书@v24
330    @a本书是作者语言学和文学、语言学和传播学相结合的一种尝试,全书共分五篇:《汉江——外传篇》、《香江——特传篇》、《京江——广传篇》、《心江——自传篇》、《语河——语言人的眼光》。
410  0 @12001 @a语言与传播丛书
606 0  @a语言艺术
690    @aH05@v4
701  0 @a韩陈其@AHan Chen Qi@4著
801  0 @aCN@b中图数据@c20061210
905    @a10447@dH05@e121
    
    语言是小河/韩陈其著.-北京:中国经济出版社,2005
    272页:彩照;21cm.-(语言与传播丛书;24)
    
    
    ISBN 7-5017-6700-9:CNY25.00
    本书是作者语言学和文学、语言学和传播学相结合的一种尝试,全书共分五篇:《汉江——外传篇》、《香江——特传篇》、《京江——广传篇》、《心江——自传篇》、《语河——语言人的眼光》。
●
相关链接 在E读中查询图书 在五车中查询图书 在当当中查询图书 在豆瓣中查询图书


正题名:语言是小河     索取号:H05/121         预约/预借

序号 登录号 条形码 馆藏地/架位号 状态 备注
1 0612221   206122211   第二样本阅览室/ [索取号:H05/121] 在馆    
2 0612222   206122220   第四借阅区/ [索取号:H05/121] 在馆    
3 0612223   206122239   第四借阅区/ [索取号:H05/121] 在馆    
4 0612224   206122248   第四借阅区/ [索取号:H05/121] 在馆    
5 0612225   206122257   第四借阅区/ [索取号:H05/121] 在馆    
唐山师范学院图书馆 欢迎您!
大连网信软件有限公司© 版权所有